Etické kódexy v miestnej samospráve
Náčrt základných obrysov problematiky etických štandardov pre miestne samosprávy. Konkrétne námety a inšpirácie k tomu, aby sa kódexy etiky rozšírili aj do iných miestnych samospráv.
Guardado en:
| Autor principal: | |
|---|---|
| Formato: | Capítulo de libro |
| Lenguaje: | eslovaco |
| Materias: | |
| Etiquetas: |
Sin Etiquetas, Sea el primero en etiquetar este registro!
|
MARC
| LEADER | 00000naa a2200000 4500 | ||
|---|---|---|---|
| 001 | 0228133 | ||
| 005 | 20220805074340.1 | ||
| 041 | 0 | |a slo | |
| 044 | |a SK | ||
| 245 | 1 | 0 | |a Etické kódexy v miestnej samospráve |c Ladislav Briestenský |
| 520 | |a Náčrt základných obrysov problematiky etických štandardov pre miestne samosprávy. Konkrétne námety a inšpirácie k tomu, aby sa kódexy etiky rozšírili aj do iných miestnych samospráv. | ||
| 610 | 2 | 0 | |a kódexy etické |
| 610 | 2 | 0 | |a záujmy verejné |
| 610 | 2 | 0 | |a samospráva |
| 610 | 2 | 0 | |a správa miestna |
| 610 | 2 | 0 | |a správa verejná |
| 100 | 1 | |a Briestenský, Ladislav | |